000 00893nam0a22002531 4500
001 rc\3973372
005 20130415121527.1
035 _a(NLR Aleph) 007932539
090 _a8227763
_c8227763
100 _a20130415d1956 |||y0rusy50 ca
101 0 _arus
102 _aRU
105 _ay z |||||
200 1 _aЗа 30,6 центнера свинины на 100 гектаров пашни
210 _aНовгород
_cБ. и.
_d1956
215 _a4 с.
_d20
225 1 _aОпыт участников Областной сельскохозяйственной выставки
300 _aПеред загл. авт.: И.С. Матюшев, ст. свинарь колхоза им. Сталина Новгород. р-на
700 1 _aМатюшев
_bИ. С.
801 0 _aRU
_bNLR
_gpsbo
801 1 _aRU
_bELAR
_2rusmarc
852 _aNLR
_j57-4/5977
942 _cBOOK
980 _aNB